[Event "Nuremberg LGA Cup 3rd"]
[Site "Nuremberg"]
[Date "2006.09.09"]
[Round "5.66"]
[White "Noettling, Dominik"]
[Black "Bathelt, Wolf Dieter"]
[Result "0-1"]
[WhiteElo "1517"]
[BlackElo "1768"]
[PlyCount "80"]
[EventDate "2006.09.07"]
[EventType "swiss"]
[EventRounds "7"]
[EventCountry "GER"]
[SourceTitle "EXT 2022"]
[Source "ChessBase"]
[SourceDate "2021.10.06"]
[SourceVersion "1"]
[SourceVersionDate "2021.10.06"]
[SourceQuality "1"]

1. e4 e6 2. d4 d5 3. e5 c5 4. c3 Nc6 5. Nf3 Qb6 6. Bd3 Bd7 7. Bc2 Nh6 8. 0-0 cxd4 9. cxd4 Be7 10. b3 Nf5 11. Bxf5 exf5 12. Nc3 Be6 13. Re1 h6 14. Bb2 g5 15. Ne2 g4 16. Nd2 Bg5 17. f4 gxf3 18. Nxf3 Be7 19. Ng3 Qc7 20. Qb1 Qd7 21. Rf1 Rg8 22. Ne1 Rg5 23. Bc1 Rxg3 24. hxg3 Nxd4 25. Qd3 Nc6 26. Bxh6 Bc5+ 27. Be3 d4 28. Bf4 Nb4 29. Qd2 Nd5 30. Nc2 Nc3 31. Rfe1 0-0-0 32. b4 Bb6 33. a3 Kb8 34. Bg5 Rc8 35. Rac1 d3+ 36. Ne3 Ne4 37. Rxc8+ Kxc8 38. Qc1+ Kb8 39. Rd1 Nxg5 40. Qd2 Ne4 0-1